000 01073nam a22002537a 4500
005 20120112143825.0
008 120112t xxu||||| |||| 00| 0 mar d
010 _aMAR-22141
020 _c120.00
035 _aMR-14799
037 _bDBAD/PUB
040 _aDPL
_bMR
082 _a891.46301
100 _939079
_aबैजल, रेखा
245 _aस्वप्नस्थ /
_cरेखा बैजल
246 _aSwapnastha
_bby Rekha Baijal
260 _aसोलापूर
_bसुविद्या प्रकाशन
_c2011
270 _a'गंगा निवास' 374,उत्तर कसबा,
_bसोलापूर
_e413007
300 _a146पृ
_c21सेमी(अजिल्द)
650 _aमराठी कथासंग्रह
_947282
650 _aMarathi Short Stories
_947283
942 _2ddc
_cMR
_mबैजल
_h891.46301
999 _c67062
_d67062